<?xml version="1.0" encoding="UTF-8"?>
<record
    xmlns:xsi="http://www.w3.org/2001/XMLSchema-instance"
    xsi:schemaLocation="http://www.loc.gov/MARC21/slim http://www.loc.gov/standards/marcxml/schema/MARC21slim.xsd"
    xmlns="http://www.loc.gov/MARC21/slim">

  <leader>00301nam a22001097a 4500</leader>
  <controlfield tag="008">260422b        |||||||| |||| 00| 0 eng d</controlfield>
  <datafield tag="100" ind1=" " ind2=" ">
    <subfield code="a">Bhagvatpad, Shrimadanandatirtha</subfield>
  </datafield>
  <datafield tag="245" ind1=" " ind2=" ">
    <subfield code="a">Tatvadyota</subfield>
  </datafield>
  <datafield tag="260" ind1=" " ind2=" ">
    <subfield code="a">Bangalore</subfield>
    <subfield code="b">Dwaitavedanta Studies and Research Foundation</subfield>
    <subfield code="c">2008</subfield>
  </datafield>
  <datafield tag="300" ind1=" " ind2=" ">
    <subfield code="a">404p</subfield>
  </datafield>
  <datafield tag="942" ind1=" " ind2=" ">
    <subfield code="2">ddc</subfield>
  </datafield>
  <datafield tag="999" ind1=" " ind2=" ">
    <subfield code="c">1260</subfield>
    <subfield code="d">1260</subfield>
  </datafield>
  <datafield tag="952" ind1=" " ind2=" ">
    <subfield code="0">0</subfield>
    <subfield code="1">0</subfield>
    <subfield code="2">ddc</subfield>
    <subfield code="4">0</subfield>
    <subfield code="7">0</subfield>
    <subfield code="9">1493</subfield>
    <subfield code="a">KSU</subfield>
    <subfield code="b">KSU</subfield>
    <subfield code="c">GEN</subfield>
    <subfield code="d">2026-04-22</subfield>
    <subfield code="e">Dwaitavedanta Studies and Research Foundation</subfield>
    <subfield code="l">0</subfield>
    <subfield code="p">001228</subfield>
    <subfield code="r">2026-04-22</subfield>
    <subfield code="w">2026-04-22</subfield>
    <subfield code="y">BK</subfield>
  </datafield>
  <datafield tag="952" ind1=" " ind2=" ">
    <subfield code="0">0</subfield>
    <subfield code="1">0</subfield>
    <subfield code="2">ddc</subfield>
    <subfield code="4">0</subfield>
    <subfield code="7">0</subfield>
    <subfield code="9">1494</subfield>
    <subfield code="a">KSU</subfield>
    <subfield code="b">KSU</subfield>
    <subfield code="c">GEN</subfield>
    <subfield code="d">2026-04-22</subfield>
    <subfield code="e">Dwaitavedanta Studies and Research Foundation</subfield>
    <subfield code="l">0</subfield>
    <subfield code="p">001229</subfield>
    <subfield code="r">2026-04-22</subfield>
    <subfield code="w">2026-04-22</subfield>
    <subfield code="y">BK</subfield>
  </datafield>
  <datafield tag="952" ind1=" " ind2=" ">
    <subfield code="0">0</subfield>
    <subfield code="1">0</subfield>
    <subfield code="2">ddc</subfield>
    <subfield code="4">0</subfield>
    <subfield code="7">0</subfield>
    <subfield code="9">1495</subfield>
    <subfield code="a">KSU</subfield>
    <subfield code="b">KSU</subfield>
    <subfield code="c">GEN</subfield>
    <subfield code="d">2026-04-22</subfield>
    <subfield code="e">Dwaitavedanta Studies and Research Foundation</subfield>
    <subfield code="l">0</subfield>
    <subfield code="p">001230</subfield>
    <subfield code="r">2026-04-22</subfield>
    <subfield code="w">2026-04-22</subfield>
    <subfield code="y">BK</subfield>
  </datafield>
</record>
